Biblioteca

The invasion of Sennacherib in the book of Kings : (Registro nro. 67399)

Detalles MARC
000 -LÍDER
Campo fijo de descripción fija 01705cam a2200397 i 4500
001 - NÚMERO DE CONTROL
Campo de control 768714001
003 - IDENTIFICADOR DEL NÚMERO DE CONTROL
Campo de control CO-MdFUSB
005 - FECHA Y HORA DE LA ULTIMA TRANSACCIÓN
control field 20220310144142.0
007 - CAMPO FIJO DE DESCRIPCIÓN FIJA--INFORMACIÓN GENERAL
Campo fijo de descripción fija ta
008 - ELEMENTOS DE LONGITUD FIJA -- INFORMACIÓN GENERAL
Campo fijo de descripción fija -- Información general 090302t2009 ne b 001 0 eng
020 ## - NÚMERO INTERNACIONAL NORMALIZADO PARA LIBROS
Número Internacional Normalizado del libro 9004175962
040 ## - FUENTE DE CATALOGACIÓN
Agencia de catalogación original DLC
Agencia que realiza la transcripción CO-MdFUSB
Agencia que realiza la modificación BTCTA
-- YDXCP
-- C#P
-- BWX
-- UtOrBLW
Idioma de catalogación spa
Convenciones de la descripción rda
041 ## - CÓDIGO DE IDIOMA
Código de idioma para texto/pista de sonido o título separado eng
043 ## - GEOGRAPHIC AREA CODE
Geographic area code a-iq---
-- a-is---
-- awba---
082 ## - NÚMERO DE CLASIFICACIÓN DECIMAL DEWEY
Número de la edición del Dewey 23
Número de clasificación 222.5406
Clave de autor-Numero de item EV92
100 1# - ASIENTO PRINCIPAL--NOMBRE PERSONAL
Nombre personal Evans, Paul S.
Término relacionador autor
245 14 - TÍTULO
Título del Material The invasion of Sennacherib in the book of Kings :
Parte restante del título - Subtitulo a source-critical and rhetorical study of 2 Kings 18-19
Mención de responsabilidad, etc. / Paul S. Evans.
264 #1 - PRODUCCIÓN, PUBLICACIÓN, DISTRIBUCIÓN, MANUFACTURA, Y COPYRIGHT
Lugar de producción, publicación, distribución, manufactura Leiden ;
-- Boston :
Nombre del productor, publicador, distribuidor Brill,
Fecha de producción, publicación, distribución, manufactura, o copyright [2009]
264 #4 - PRODUCCIÓN, PUBLICACIÓN, DISTRIBUCIÓN, MANUFACTURA, Y COPYRIGHT
Fecha de producción, publicación, distribución, manufactura, o copyright © 2009
300 ## - DESCRIPCIÓN FÍSICA
Extensión 230 páginas ;
Dimensiones 25 cm.
336 ## - TIPO DE CONTENIDO
Término de tipo de contenido sonidos
Código de tipo de contenido txt
Fuente rdacontent.
337 ## - TIPO DE MEDIO
Nombre del tipo de medio sin mediación
Código del tipo de medio n
Fuente rdamedia.
338 ## - TIPO DE SOPORTE
Nombre del tipo de soporte volumen
Código Tipo de soporte nc
Fuente rdacarrier.
490 1# - MENCIÓN DE SERIE
Mención de serie Supplements to Vetus Testamentum,
504 ## - NOTA DE BIBLIOGRAFÍA, ETC.
Nota de bibliografía, etc Incluye referencias bibliográficas e índices.
505 ## - NOTA DE CONTENIDO
Nota de contenido con formato preestablecido Agradecimientos; abreviaturas; Introducción. -- Un enfoque del problema desde el punto de vista de la fuente crítica. -- Una aproximación retórico-crítica al problema. -- Re-Lectura de la Narrativa de Ezequías-Senaquerib. -- Usando 2 Reyes 18-19 en la Reconstrucción Histórica; Apéndice Tabla 16. -- Conclusiones; Bibliografía; índice de las Escrituras; índice de autores; Índice de materias.
563 ## - NOTA DE ENCUADERNACIÓN
Nota de encuadernación Pasta dura
600 00 - ASIENTO SECUNDARIO DE MATERIA - NOMBRE PERSONAL
Nombre personal Sennacherib,
Títulos y otros términos asociados al nombre King of Assyria,
Fechas asociadas con el nombre -681 B.C.
630 07 - TITULO UNIFORME
Título uniforme Biblia.
Nombre de parte o sección de la obra Reyes, 2.ª
651 #0 - ASIENTO SECUNDARIO DE MATERIA - NOMBRE GEOGRAFICO
Nombre geográfico Jerusalem
Subdivisión general History
Subdivisión cronológica Siege, 701 B.C.
651 #0 - ASIENTO SECUNDARIO DE MATERIA - NOMBRE GEOGRAFICO
Nombre geográfico Assyria
Subdivisión general In the Bible.
830 #0 - PUNTO DE ACCESO ADICIONAL DE SERIE - TÍTULO UNIFORME
Título uniforme Supplements to Vetus Testamentum ;
Designación de volumen o secuencia v. 125.
942 ## - TIPO DE MATERIAL (KOHA)
Tipo de Item KOHA Libros General
945 ## - INFORMACIÓN LOCAL DEL REGISTRO
Catalogador JTF-925
Existencias
Estado de Material Estado de Perdido Forma de Clasificación Estado de Dañado No para Préstamo Colección Biblioteca de Origen Biblioteca Permanente Fecha de Adquisición Área Total de Préstamos Signatura Topográfica Código de Barras Última vez visto Ejemplar/Existencia Fecha de Remplazo Tipo de Material
    Dewey Decimal Classification     Colección General Biblioteca FUSBC Biblioteca FUSBC 10/03/2022 BIBLIA   G 222.5406 EV92i 21583 10/03/2022 Ej.1 10/03/2022 Libros General

Biblioteca FUSBC | Teléfono: (57+4) 349 88 10 Ext. 141| WhatsApp (+57) 3005338115 
E-mail: biblioteca@unisbc.edu.co | Calle 76 87-14 Robledo Palenque, Medellín, Colombia

Con tecnología Koha